zpět

Detail výsledku týmu

Cafe & Bar NO.95, Domažlice

Datum a čas kvízu

27.5 Celkem bodů Celkový počet nahraných bodů na tomto kvízu bez doplňovacích otázek.
3. Pořadí na kvízu Konečné umístění týmu na tomto kvízu.

Zaznamenané odpovědi

# Otázka Odpověď Body Výsledky
1. Jeden muž si chtěl ulehčit par... přemaloval čáry na vozovce 1
2. V pondělí padla vláda jedné ev... Francie 1
3. Jak se nazývá snímek, který zí... Oppenheimer 0
4. Roční míra inflace v jisté zem... Argentina 0
5. V sobotu odstartoval fotbalový... Pobřeží Slonoviny 0
6. Čeština má celkem 3 gramatické... 14 1
7. U některých slov bychom si moh... C 1
8. Dva gramatické rody můžeme při... sršeň 1
9. V minulé otázce jsme se ptali... zombie 0
10. Začátkem roku 2023 byla Ústave... hranolka, hranolek 1